[Event "Oberliga Bayern 2122"]
[Site "Bayern"]
[Date "2022.04.03"]
[Round "7.6"]
[White "Kaiser, Dominik"]
[Black "Huch, Reiner"]
[Result "0-1"]
[WhiteElo "1973"]
[BlackElo "2251"]
[PlyCount "66"]
[EventDate "2021.10.24"]
[EventType "team-tourn"]
[EventRounds "9"]
[EventCountry "GER"]
[SourceTitle "EXT 2024"]
[Source "ChessBase"]
[SourceDate "2023.10.10"]
[SourceVersion "1"]
[SourceVersionDate "2023.10.10"]
[SourceQuality "1"]
[WhiteTeam "Kareth Lappersdorf"]
[BlackTeam "Trostberg"]
[WhiteTeamCountry "GER"]
[BlackTeamCountry "GER"]

1. e4 e6 2. d4 d5 3. exd5 exd5 4. Bd3 Bd6 5. Nf3 Ne7 6. Nbd2 0-0 7. 0-0 Bf5 8. Bxf5 Nxf5 9. Re1 Nd7 10. c4 dxc4 11. Nxc4 Nb6 12. Qd3 Qf6 13. Nce5 Rfe8 14. Bg5 Qe6 15. g4 Ne7 16. Bxe7 Bxe7 17. Re4 Bf6 18. Rae1 Qd5 19. g5 Bxe5 20. Nxe5 Rad8 21. Rh4 g6 22. Qg3 Nc4 23. Ree4 Nd2 24. Ref4 Qb5 25. Qh3 Rxe5 26. dxe5 Qxe5 27. Rhg4 Qe1+ 28. Kg2 Qf1+ 29. Kg3 Rd3+ 30. f3 Qe1+ 31. Kg2 Nf1 32. Re4 Rd2+ 33. Kg1 Ne3+ 0-1

[Event "Oberliga Bayern 2122"]
[Site "Bayern"]
[Date "2022.03.20"]
[Round "4.5"]
[White "Kaiser, Dominik"]
[Black "Leeb, Simon"]
[Result "0-1"]
[WhiteElo "1973"]
[BlackElo "2270"]
[PlyCount "57"]
[EventDate "2021.10.24"]
[EventType "team-tourn"]
[EventRounds "9"]
[EventCountry "GER"]
[SourceTitle "EXT 2024"]
[Source "ChessBase"]
[SourceDate "2023.10.10"]
[SourceVersion "1"]
[SourceVersionDate "2023.10.10"]
[SourceQuality "1"]
[WhiteTeam "Kareth Lappersdorf"]
[BlackTeam "Muenchen Suedost"]
[WhiteTeamCountry "GER"]
[BlackTeamCountry "GER"]

1. d4 d5 2. Bf4 c5 3. c3 Nc6 4. e3 Bf5 5. Bd3 Bxd3 6. Qxd3 Nf6 7. Nd2 e6 8. Ngf3 Be7 9. 0-0 Nh5 10. Be5 f6 11. Bg3 Nxg3 12. hxg3 Qc7 13. e4 Rd8 14. exd5 Rxd5 15. c4 Rd8 16. d5 exd5 17. cxd5 Nb4 18. Qb3 a6 19. Rad1 Nxd5 20. Rfe1 b5 21. Nh4 0-0 22. Nc4 Kh8 23. Qf3 Nb4 24. Ne3 g6 25. a3 Nd3 26. Re2 Ne5 27. Qf4 Rxd1+ 28. Nxd1 g5 29. Ng6+ 0-1

[Event "Oberliga Bayern 2122"]
[Site "Bayern"]
[Date "2021.11.14"]
[Round "2.4"]
[White "Neuschmied, Siegfried"]
[Black "Kaiser, Dominik"]
[Result "1-0"]
[WhiteElo "2224"]
[BlackElo "1973"]
[PlyCount "119"]
[EventDate "2021.10.24"]
[EventType "team-tourn"]
[EventRounds "9"]
[EventCountry "GER"]
[SourceTitle "EXT 2023"]
[Source "ChessBase"]
[SourceDate "2022.10.05"]
[SourceVersion "1"]
[SourceVersionDate "2022.10.05"]
[SourceQuality "1"]
[WhiteTeam "Pang/Rosenheim"]
[BlackTeam "Kareth Lappersdorf"]
[WhiteTeamCountry "GER"]
[BlackTeamCountry "GER"]

1. e4 c6 2. d4 d5 3. exd5 cxd5 4. Bd3 Nc6 5. c3 Nf6 6. h3 g6 7. Nf3 Bf5 8. Be2 Bxb1 9. Rxb1 Qc7 10. 0-0 Bg7 11. Bd3 0-0 12. Re1 Nh5 13. Qd2 e5 14. dxe5 Nxe5 15. Nxe5 Bxe5 16. Be2 Nf6 17. Bf3 Bh2+ 18. Kh1 Rfe8 19. Rf1 Ne4 20. Qd1 Rad8 21. Be3 Bf4 22. Bc1 Bd6 23. Bh6 Bc5 24. Qc2 Qe5 25. Bxe4 dxe4 26. Qe2 Rd3 27. Rbe1 Bd6 28. g3 Qd5 29. Kh2 g5 30. Qg4 f6 31. h4 e3 32. hxg5 fxg5 33. Bxg5 Re4 34. Bf4+ Kf7 35. fxe3 Rd2+ 36. Re2 Ke8 37. Qc8+ Ke7 38. Bxd6+ Kxd6 39. Rf6+ Ke7 40. Qf8+ Kd7 41. Rf7+ Kc6 42. Qc8+ Kb6 43. Qxb7+ Qxb7 44. Rxb7+ Kxb7 45. Rxd2 Rxe3 46. Kh3 Kc6 47. Kh4 a5 48. g4 a4 49. a3 Re5 50. Rd4 Kb5 51. Rb4+ Ka5 52. g5 Re1 53. Kh5 Re2 54. c4 Re7 55. Rb8 Ra7 56. Kh6 Ka6 57. c5 Rc7 58. c6 Ka5 59. Rb7 Rxc6+ 60. Kxh7 1-0

[Event "Oberliga Bayern 2122"]
[Site "Bayern"]
[Date "2021.10.24"]
[Round "1.4"]
[White "Kaiser, Dominik"]
[Black "Kabatianski, Alexander"]
[Result "0-1"]
[WhiteElo "1973"]
[BlackElo "2301"]
[PlyCount "74"]
[EventDate "2021.10.24"]
[EventType "team-tourn"]
[EventRounds "9"]
[EventCountry "GER"]
[SourceTitle "EXT 2023"]
[Source "ChessBase"]
[SourceDate "2022.10.05"]
[SourceVersion "1"]
[SourceVersionDate "2022.10.05"]
[SourceQuality "1"]
[WhiteTeam "Kareth Lappersdorf"]
[BlackTeam "Nuernberg NT"]
[WhiteTeamCountry "GER"]
[BlackTeamCountry "GER"]

1. c4 e6 2. g3 d5 3. Bg2 Nf6 4. d3 Be7 5. Nf3 0-0 6. 0-0 b6 7. Nc3 Bb7 8. Nd2 Nbd7 9. e4 dxe4 10. Ndxe4 Qc8 11. d4 Rd8 12. Bf4 Nc5 13. Re1 Ncxe4 14. Nxe4 c5 15. d5 exd5 16. Nxf6+ Bxf6 17. cxd5 Bxb2 18. Re7 Bxa1 19. Rc7 Qf5 20. Rxb7 Be5 21. Bxe5 Qxe5 22. Qf3 Qa1+ 23. Bf1 Qf6 24. Qb3 Qd6 25. Bc4 Rdb8 26. Ba6 Rd8 27. Bc4 Rd7 28. Rxd7 Qxd7 29. Bb5 Qe7 30. Bc6 Rd8 31. a4 g6 32. Qb5 h5 33. Qa6 Rd6 34. a5 Rf6 35. Qc8+ Kg7 36. f4 Qe3+ 37. Kg2 c4 0-1

[Event "Landesliga Nord 1920"]
[Site "Bayern"]
[Date "2020.03.01"]
[Round "7.7"]
[White "Wallisch, Christoph"]
[Black "Kaiser, Dominik"]
[Result "1/2-1/2"]
[WhiteElo "1864"]
[BlackElo "2002"]
[PlyCount "47"]
[EventDate "2019.09.29"]
[EventType "team-tourn"]
[EventRounds "9"]
[EventCountry "GER"]
[SourceTitle "EXT 2021"]
[Source "ChessBase"]
[SourceDate "2020.10.23"]
[SourceVersion "1"]
[SourceVersionDate "2020.10.23"]
[SourceQuality "1"]
[WhiteTeam "Forchheim"]
[BlackTeam "Kareth Lappersdorf"]
[WhiteTeamCountry "GER"]
[BlackTeamCountry "GER"]

1. e4 c6 2. c4 e5 3. Nc3 Nf6 4. d4 Bb4 5. Qd3 exd4 6. Qxd4 Qe7 7. f3 d5 8. Bg5 dxe4 9. 0-0-0 Bxc3 10. Qxc3 Nbd7 11. Re1 0-0 12. fxe4 Re8 13. Nf3 Ne5 14. Bd3 Bg4 15. Rhf1 Bxf3 16. gxf3 Rad8 17. Bc2 Qc5 18. Bxf6 gxf6 19. f4 Nxc4 20. Qxf6 Qd4 21. Rg1+ Kf8 22. Qh6+ Ke7 23. Qg5+ Kf8 24. Qh6+ 1/2-1/2

[Event "Landesliga Nord 1920"]
[Site "Bayern"]
[Date "2020.02.09"]
[Round "6.7"]
[White "Kaiser, Dominik"]
[Black "Pfadenhauer, Tobias"]
[Result "1/2-1/2"]
[WhiteElo "2002"]
[BlackElo "1844"]
[PlyCount "63"]
[EventDate "2019.09.29"]
[EventType "team-tourn"]
[EventRounds "9"]
[EventCountry "GER"]
[SourceTitle "EXT 2021"]
[Source "ChessBase"]
[SourceDate "2020.10.23"]
[SourceVersion "1"]
[SourceVersionDate "2020.10.23"]
[SourceQuality "1"]
[WhiteTeam "Kareth Lappersdorf"]
[BlackTeam "Kronach"]
[WhiteTeamCountry "GER"]
[BlackTeamCountry "GER"]

1. e4 e6 2. d4 d5 3. exd5 exd5 4. Bd3 Bd6 5. Nf3 Ne7 6. 0-0 0-0 7. b3 Bf5 8. c4 Bxd3 9. Qxd3 c6 10. Ba3 Bxa3 11. Nxa3 Qd6 12. Nc2 Nd7 13. Ne3 f6 14. Rfe1 Rfe8 15. Nf5 Nxf5 16. Qxf5 g6 17. Qg4 Nf8 18. c5 Qd7 19. Qf4 Kg7 20. h4 h5 21. Qd2 Rxe1+ 22. Rxe1 Re8 23. Rxe8 Qxe8 24. Qa5 a6 25. Qc7+ Qd7 26. Qb8 Ne6 27. g3 Qe7 28. Kg2 Qc7 29. Qe8 Qf7 30. Qc8 Qe7 31. b4 Kf7 32. a3 1/2-1/2

[Event "Landesliga Nord 1920"]
[Site "Bayern"]
[Date "2019.11.24"]
[Round "3.7"]
[White "Kaiser, Dominik"]
[Black "Monninger, Moritz Franz"]
[Result "0-1"]
[WhiteElo "2002"]
[BlackElo "2067"]
[PlyCount "114"]
[EventDate "2019.09.29"]
[EventType "team-tourn"]
[EventRounds "9"]
[EventCountry "GER"]
[SourceTitle "EXT 2021"]
[Source "ChessBase"]
[SourceDate "2020.10.23"]
[SourceVersion "1"]
[SourceVersionDate "2020.10.23"]
[SourceQuality "1"]
[WhiteTeam "Kareth Lappersdorf"]
[BlackTeam "Herzogenaurach"]
[WhiteTeamCountry "GER"]
[BlackTeamCountry "GER"]

1. e4 e6 2. d4 d5 3. exd5 exd5 4. Bd3 Nc6 5. Nf3 Bg4 6. c3 Bd6 7. 0-0 Nge7 8. Re1 Qd7 9. Na3 a6 10. Nc2 Bf5 11. Be2 0-0 12. Ne3 Rfe8 13. Nxf5 Qxf5 14. Be3 Ng6 15. g3 Nce7 16. h4 Nf8 17. Ne5 Bxe5 18. Bg4 Qg6 19. dxe5 Nf5 20. h5 Nxe3 21. hxg6 Nxd1 22. gxf7+ Kxf7 23. Raxd1 c6 24. f4 g6 25. Kf2 h5 26. Bh3 Ne6 27. Kf3 Rad8 28. g4 hxg4+ 29. Bxg4 Rh8 30. Rh1 Ke7 31. Rxh8 Rxh8 32. Kg3 b5 33. b4 Ng7 34. a4 Nf5+ 35. Bxf5 gxf5 36. axb5 axb5 37. Ra1 Rg8+ 38. Kf3 Rh8 39. Kg3 Rg8+ 40. Kf3 Rh8 41. Rg1 Kf7 42. Rg3 Rh2 43. Ke3 Rc2 44. Kd4 Rf2 45. Kc5 Rxf4 46. Kxc6 Ke6 47. Kxb5 Kxe5 48. Kc6 Rc4+ 49. Kb7 f4 50. Rh3 Ke4 51. b5 f3 52. b6 f2 53. Rh1 Rxc3 54. Rb1 Kf3 55. Ka6 Kg2 56. b7 f1Q+ 57. Rxf1 Kxf1 0-1

[Event "Regionalliga Nord-Ost 1718"]
[Site "Bayern"]
[Date "2018.03.18"]
[Round "8.3"]
[White "Nehls, Benedikt"]
[Black "Kaiser, Dominik"]
[Result "1-0"]
[WhiteElo "2066"]
[BlackElo "1952"]
[PlyCount "131"]
[EventDate "2017.10.22"]
[EventType "team-tourn"]
[EventRounds "9"]
[EventCountry "GER"]
[SourceTitle "EXT 2022"]
[Source "ChessBase"]
[SourceDate "2021.10.06"]
[SourceVersion "1"]
[SourceVersionDate "2021.10.06"]
[SourceQuality "1"]
[WhiteTeam "Erlangen SC II"]
[BlackTeam "Kareth Lappersdorf II"]
[WhiteTeamCountry "GER"]
[BlackTeamCountry "GER"]

1. d4 d5 2. c4 c6 3. Nf3 Nf6 4. e3 e6 5. Qc2 a6 6. Nbd2 Nbd7 7. b3 Qa5 8. Bd3 Be7 9. 0-0 0-0 10. Bb2 b5 11. Ne5 Nxe5 12. dxe5 Nd7 13. Bxh7+ Kh8 14. Bd3 Bb7 15. f4 dxc4 16. bxc4 c5 17. Ne4 bxc4 18. Bxc4 Nb6 19. Rf3 g6 20. Rh3+ Kg7 21. Nf6 Rh8 22. Rxh8 Rxh8 23. Bd3 Rd8 24. Bc3 Qa3 25. Rb1 c4 26. Bxg6 fxg6 27. Rxb6 Ba8 28. Rxe6 Rd3 29. Bd4 Qb4 30. Rxe7+ Qxe7 31. Qxc4 Rd1+ 32. Kf2 Qf7 33. e6 Rd2+ 34. Ke1 Rxd4 35. Qxd4 Qxf6 36. Qa7+ Kh6 37. Qxa8 Qc3+ 38. Kf2 Qd2+ 39. Kf3 Qd1+ 40. Kg3 Qe1+ 41. Kf3 Qf1+ 42. Kg4 Qe2+ 43. Qf3 Qxa2 44. f5 gxf5+ 45. Kxf5 Qc2+ 46. e4 Qc5+ 47. e5 Qf8+ 48. Ke4 Qb4+ 49. Kd5 Qa5+ 50. Kd4 Qb4+ 51. Kd3 Qb3+ 52. Ke2 Qc2+ 53. Kf1 Qc1+ 54. Kf2 Qd2+ 55. Qe2 Qf4+ 56. Qf3 Qd2+ 57. Kg3 Qg5+ 58. Kh3 Qxe5 59. Qf8+ Kg5 60. Qe7+ Kg6 61. Qf7+ Kg5 62. g3 Qh8+ 63. Kg2 Qb2+ 64. Qf2 Qf6 65. h4+ Kh6 66. Qxf6+ 1-0

[Event "Regionalliga Nord-Ost 1718"]
[Site "Bayern"]
[Date "2018.01.21"]
[Round "5.3"]
[White "Fuchs, Gerhard"]
[Black "Kaiser, Dominik"]
[Result "1-0"]
[WhiteElo "2051"]
[BlackElo "1952"]
[PlyCount "63"]
[EventDate "2017.10.22"]
[EventType "team-tourn"]
[EventRounds "9"]
[EventCountry "GER"]
[SourceTitle "EXT 2022"]
[Source "ChessBase"]
[SourceDate "2021.10.06"]
[SourceVersion "1"]
[SourceVersionDate "2021.10.06"]
[SourceQuality "1"]
[WhiteTeam "Nuernberg SK 1911"]
[BlackTeam "Kareth Lappersdorf II"]
[WhiteTeamCountry "GER"]
[BlackTeamCountry "GER"]

1. d4 f5 2. Bf4 Nf6 3. e3 g6 4. Nf3 e6 5. Bd3 Bg7 6. 0-0 b6 7. c4 Bb7 8. Nc3 d6 9. Ng5 Qe7 10. e4 fxe4 11. Ncxe4 Nxe4 12. Bxe4 Bxe4 13. Nxe4 0-0 14. Bg5 Qf7 15. Be3 h6 16. Qd2 Kh7 17. Rac1 Nd7 18. b4 Nf6 19. Nxf6+ Qxf6 20. c5 bxc5 21. bxc5 e5 22. d5 dxc5 23. Rxc5 Rfd8 24. Rxc7 Qd6 25. Rc5 Rd7 26. Qa5 Rad8 27. Rd1 Bf8 28. Rc4 Kg7 29. f4 exf4 30. Rxf4 Kh7 31. Re4 Re7 32. Bc5 1-0

[Event "Regionalliga Nord-Ost 1718"]
[Site "Bayern"]
[Date "2017.12.10"]
[Round "4.3"]
[White "Kaiser, Dominik"]
[Black "Bloederl, Alfred"]
[Result "1-0"]
[WhiteElo "1952"]
[BlackElo "1964"]
[PlyCount "29"]
[EventDate "2017.10.22"]
[EventType "team-tourn"]
[EventRounds "9"]
[EventCountry "GER"]
[SourceTitle "EXT 2022"]
[Source "ChessBase"]
[SourceDate "2021.10.06"]
[SourceVersion "1"]
[SourceVersionDate "2021.10.06"]
[SourceQuality "1"]
[WhiteTeam "Kareth Lappersdorf II"]
[BlackTeam "Windischeschenbach"]
[WhiteTeamCountry "GER"]
[BlackTeamCountry "GER"]

1. e4 e5 2. Nf3 Nf6 3. Bc4 Nc6 4. d4 Nxe4 5. dxe5 Nc5 6. Be3 Ne6 7. Nc3 Bb4 8. Qd3 0-0 9. 0-0-0 Nc5 10. Bxc5 Bxc5 11. h4 Qe8 12. Ng5 g6 13. Nxh7 Nxe5 14. Nf6+ Kh8 15. Qd2 1-0

[Event "Regionalliga NO 1617"]
[Site "Bayern"]
[Date "2016.11.20"]
[Round "2.6"]
[White "Kaiser, Dominik"]
[Black "Konsek, Peter"]
[Result "0-1"]
[WhiteElo "1820"]
[BlackElo "1956"]
[PlyCount "84"]
[EventDate "2016.10.16"]
[EventType "team-tourn"]
[EventRounds "9"]
[EventCountry "GER"]
[SourceTitle "EXT 2019"]
[Source "ChessBase"]
[SourceDate "2018.10.10"]
[SourceVersion "1"]
[SourceVersionDate "2018.10.10"]
[SourceQuality "1"]
[WhiteTeam "Kareth Lappersdorf II"]
[BlackTeam "Nuernberg Sued SW II"]
[WhiteTeamCountry "GER"]
[BlackTeamCountry "GER"]

1. e4 c5 2. d4 cxd4 3. Nf3 Nc6 4. Bc4 Nf6 5. Qe2 d6 6. c3 Bg4 7. Bg5 e6 8. h3 Bxf3 9. gxf3 Be7 10. cxd4 Nxd4 11. Qd3 Qb6 12. Nd2 Nd7 13. Be3 Bf6 14. Rc1 Ne5 15. Qxd4 Nxf3+ 16. Nxf3 Bxd4 17. Bxd4 Qc6 18. Ke2 Qxe4+ 19. Be3 0-0 20. Rhg1 g6 21. Rg4 Qf5 22. Nd4 Qh5 23. f3 d5 24. Bd3 e5 25. Nf5 e4 26. Ne7+ Kh8 27. Bd4+ f6 28. fxe4 Rae8 29. Nxd5 Qxd5 30. Bxa7 Qe5 31. Ke3 Rd8 32. Rc3 Qh2 33. Be2 Qxh3+ 34. Kf2 Qh2+ 35. Rg2 Qf4+ 36. Rf3 Qxe4 37. Rh3 Rd2 38. Re3 Qh4+ 39. Kf1 Rxb2 40. Reg3 Re8 41. Bd3 Re1+ 42. Kxe1 Rxg2 0-1

[Event "Landesliga U20 Nord 1516"]
[Site "Bayern"]
[Date "2016.01.23"]
[Round "5.1"]
[White "Hoffmann, Sebastian1"]
[Black "Kaiser, Dominik"]
[Result "1-0"]
[WhiteElo "1885"]
[BlackElo "1820"]
[PlyCount "119"]
[EventDate "2015.11.21"]
[EventType "team-tourn"]
[EventRounds "7"]
[EventCountry "GER"]
[SourceTitle "EXT 2022"]
[Source "ChessBase"]
[SourceDate "2021.10.06"]
[SourceVersion "1"]
[SourceVersionDate "2021.10.06"]
[SourceQuality "1"]
[WhiteTeam "Nuernberg Noris Tarrasch U20"]
[BlackTeam "Kareth Lappersdorf U20"]
[WhiteTeamCountry "GER"]
[BlackTeamCountry "GER"]

1. e4 c5 2. c3 d5 3. exd5 Qxd5 4. d4 Nf6 5. Nf3 Bg4 6. dxc5 Qxd1+ 7. Kxd1 e5 8. b4 e4 9. h3 Bh5 10. g4 Nxg4 11. hxg4 Bxg4 12. Be2 exf3 13. Bc4 Nc6 14. Bf4 0-0-0+ 15. Kc2 f6 16. Nd2 g5 17. Be3 Ne5 18. Bd4 Bg7 19. Rae1 Bf5+ 20. Kb3 g4 21. Rh5 Bg6 22. Rhh1 h5 23. Ne4 Nxc4 24. Kxc4 Bxe4 25. Rxe4 Rd7 26. Rf4 f5 27. Rxf5 Bxd4 28. cxd4 Rg7 29. Rhxh5 Rxh5 30. Rxh5 g3 31. fxg3 Rf7 32. Rh1 f2 33. Rf1 Kd7 34. d5 b6 35. Kd4 bxc5+ 36. bxc5 a5 37. a4 Rf8 38. Kc4 Rf5 39. g4 Rf4+ 40. Kb5 Rxg4 41. Rxf2 Rd4 42. Rf5 Rd1 43. Kxa5 Rb1 44. Rf6 Rd1 45. Rd6+ Kc7 46. Ka6 Rd4 47. a5 Rd1 48. Kb5 Rb1+ 49. Kc4 Rc1+ 50. Kd4 Rd1+ 51. Ke5 Re1+ 52. Kf6 Rc1 53. Rc6+ Kd7 54. a6 Rc2 55. Ke5 Rc1 56. Kd4 Rd1+ 57. Kc4 Rc1+ 58. Kb4 Rd1 59. Kb5 Rxd5 60. Rd6+ 1-0

[Event "Landesliga U20 Nord 1516"]
[Site "Bayern"]
[Date "2015.12.19"]
[Round "3.1"]
[White "Kaiser, Dominik"]
[Black "Rahman, Ronny"]
[Result "0-1"]
[WhiteElo "1820"]
[BlackElo "1767"]
[PlyCount "92"]
[EventDate "2015.11.21"]
[EventType "team-tourn"]
[EventRounds "7"]
[EventCountry "GER"]
[SourceTitle "EXT 2022"]
[Source "ChessBase"]
[SourceDate "2021.10.06"]
[SourceVersion "1"]
[SourceVersionDate "2021.10.06"]
[SourceQuality "1"]
[WhiteTeam "Kareth Lappersdorf U20"]
[BlackTeam "Ergolding FC U20"]
[WhiteTeamCountry "GER"]
[BlackTeamCountry "GER"]

1. e4 e5 2. Nf3 Nc6 3. d4 exd4 4. Bc4 Nf6 5. 0-0 d5 6. exd5 Nxd5 7. Nxd4 Nb6 8. Nxc6 Qxd1 9. Rxd1 bxc6 10. Bb3 Bd6 11. Nc3 Bf5 12. Be3 0-0 13. Ne2 c5 14. c4 Rfe8 15. Rd2 Rad8 16. a4 Bxh2+ 17. Kxh2 Rxd2 18. Bxd2 Rxe2 19. Rd1 h6 20. a5 Nd7 21. Be3 Rxb2 22. Ba4 Nf6 23. Bxc5 Ra2 24. Rd8+ Kh7 25. Be8 Nxe8 26. Rxe8 Rxa5 27. Be3 Be6 28. Re7 c5 29. Rc7 Bxc4 30. Bxc5 a6 31. g4 Ra4 32. Be3 Kg6 33. f4 Bd5 34. Rd7 Ra2+ 35. Kg3 Bb3 36. f5+ Kh7 37. f6 g5 38. Rd8 a5 39. Bc5 Ra4 40. Bf8 Be6 41. Bg7 Rxg4+ 42. Kf3 Kg6 43. Rg8 Rh4 44. Ke3 a4 45. Kd2 Kf5 46. Rh8 a3 0-1

[Event "Landesliga U20 Nord 1314"]
[Site "Bayern"]
[Date "2014.02.15"]
[Round "7.2"]
[White "Kaiser, Dominik"]
[Black "Haas, Maximilian"]
[Result "1-0"]
[WhiteElo "1820"]
[BlackElo "1744"]
[PlyCount "57"]
[EventDate "2013.11.16"]
[EventType "team-tourn"]
[EventRounds "7"]
[EventCountry "GER"]
[SourceTitle "EXT 2022"]
[Source "ChessBase"]
[SourceDate "2021.10.06"]
[SourceVersion "1"]
[SourceVersionDate "2021.10.06"]
[SourceQuality "1"]
[WhiteTeam "Kareth Lappersdorf U20"]
[BlackTeam "Erlangen SC U20 II"]
[WhiteTeamCountry "GER"]
[BlackTeamCountry "GER"]

1. e4 c5 2. d4 cxd4 3. c3 g6 4. cxd4 d5 5. e5 Bg7 6. Nc3 Nc6 7. h3 e6 8. Nf3 a6 9. Bg5 Qc7 10. Rc1 f6 11. exf6 Nxf6 12. Qd2 0-0 13. Bd3 Nd7 14. 0-0 Nb6 15. b4 Qd7 16. Ne2 e5 17. dxe5 Rxf3 18. e6 Qxe6 19. gxf3 Ne5 20. Qe3 Qxh3 21. Ng3 h5 22. Rc7 Nbd7 23. f4 Nxd3 24. Qxd3 h4 25. Qxd5+ Kh8 26. Re1 Nf8 27. Rxg7 Kxg7 28. Re7+ Kh8 29. Bf6# 1-0

[Event "Landesliga U20 Nord 1314"]
[Site "Bayern"]
[Date "2013.11.30"]
[Round "2.2"]
[White "Kaiser, Dominik"]
[Black "Siegl, Melina"]
[Result "1/2-1/2"]
[WhiteElo "1820"]
[BlackElo "1958"]
[PlyCount "83"]
[EventDate "2013.11.16"]
[EventType "team-tourn"]
[EventRounds "7"]
[EventCountry "GER"]
[SourceTitle "EXT 2022"]
[Source "ChessBase"]
[SourceDate "2021.10.06"]
[SourceVersion "1"]
[SourceVersionDate "2021.10.06"]
[SourceQuality "1"]
[WhiteTeam "Kareth Lappersdorf U20"]
[BlackTeam "Nuernberg Sued SW U20"]
[WhiteTeamCountry "GER"]
[BlackTeamCountry "GER"]

1. e4 e6 2. d4 d5 3. exd5 exd5 4. Bd3 Nc6 5. c3 Bd6 6. Qf3 Be6 7. Ne2 Qe7 8. Be3 g5 9. Bf5 h5 10. Bxe6 fxe6 11. g3 0-0-0 12. h4 g4 13. Qg2 Nf6 14. Nd2 e5 15. 0-0-0 e4 16. Bg5 Qf7 17. Nf4 Ne7 18. Rhe1 Rdf8 19. Qf1 c6 20. b4 Qe8 21. a3 Nf5 22. Nd3 Nh7 23. Bf4 Bxf4 24. Nxf4 Nxh4 25. Qh1 Nf5 26. Nxe4 dxe4 27. Rxe4 Qf7 28. d5 Ng5 29. Rc4 Nd6 30. Rc5 Nge4 31. dxc6 Nxc5 32. Rxd6 Nb3+ 33. Kb2 Qc4 34. cxb7+ Kb8 35. Rc6 Qb5 36. Kxb3 Qxb7 37. Qd5 Rd8 38. Qe5+ Ka8 39. Rc7 Qb6 40. Nd5 Qa6 41. Ne7 Qd3 42. Qc5 1/2-1/2

[Event "Bayernliga 1213 U20"]
[Site "Bayern"]
[Date "2013.01.19"]
[Round "5.3"]
[White "Kaiser, Dominik"]
[Black "Mann, Johannes"]
[Result "1/2-1/2"]
[WhiteElo "1817"]
[BlackElo "1888"]
[PlyCount "116"]
[EventDate "2012.10.20"]
[EventType "team-tourn"]
[EventRounds "7"]
[EventCountry "GER"]
[SourceTitle "EXT 2020"]
[Source "ChessBase"]
[SourceDate "2019.10.17"]
[SourceVersion "1"]
[SourceVersionDate "2019.10.17"]
[SourceQuality "1"]
[WhiteTeam "Kareth Lappersdorf U20"]
[BlackTeam "Forchheim SC U20"]
[WhiteTeamCountry "GER"]
[BlackTeamCountry "GER"]

1. e4 c6 2. d4 d5 3. exd5 cxd5 4. Bd3 Nc6 5. c3 Qc7 6. Qf3 Nf6 7. Bf4 Qb6 8. b3 Bg4 9. Qg3 Rc8 10. Be5 Bh5 11. Bxf6 gxf6 12. Qh3 Rd8 13. Qxh5 e5 14. Bf5 exd4 15. Nf3 dxc3 16. 0-0 d4 17. Re1+ Be7 18. Be6 Rf8 19. Bc4 Rd7 20. Qxh7 Kd8 21. Qd3 Bc5 22. a3 a5 23. Rd1 Qc7 24. Qf5 Be7 25. Bb5 Rg8 26. Bxc6 Qxc6 27. Qxa5+ Ke8 28. Kh1 c2 29. Rc1 cxb1Q 30. Raxb1 Qd6 31. Rc8+ Rd8 32. Rxd8+ Qxd8 33. Qxd8+ Bxd8 34. Nxd4 Bb6 35. Nf5 Bxf2 36. Nd6+ Ke7 37. Nxb7 Bb6 38. b4 Rb8 39. Re1+ Kd7 40. Nc5+ Bxc5 41. bxc5 Rb3 42. h4 Rxa3 43. Rc1 f5 44. c6+ Kc7 45. Rc5 Ra4 46. g3 Rg4 47. Kg2 f4 48. Kf3 Rxg3+ 49. Kxf4 Rg1 50. h5 f6 51. Rc3 Rh1 52. Kg4 Rg1+ 53. Rg3 f5+ 54. Kf4 Rh1 55. Kg5 Kxc6 56. Rf3 Rg1+ 57. Kh6 Kd7 58. Kh7 Rh1 1/2-1/2

[Event "Bayernliga 1213 U20"]
[Site "Bayern"]
[Date "2012.12.01"]
[Round "2.3"]
[White "Bergauz, Noam"]
[Black "Kaiser, Dominik"]
[Result "1/2-1/2"]
[WhiteElo "1990"]
[BlackElo "1817"]
[PlyCount "142"]
[EventDate "2012.10.20"]
[EventType "team-tourn"]
[EventRounds "7"]
[EventCountry "GER"]
[SourceTitle "EXT 2020"]
[Source "ChessBase"]
[SourceDate "2019.10.17"]
[SourceVersion "1"]
[SourceVersionDate "2019.10.17"]
[SourceQuality "1"]
[WhiteTeam "Muenchen Suedost U20"]
[BlackTeam "Kareth Lappersdorf U20"]
[WhiteTeamCountry "GER"]
[BlackTeamCountry "GER"]

1. e4 d5 2. exd5 Qxd5 3. Nc3 Qa5 4. d4 Nf6 5. Nf3 c6 6. Ne5 Bf5 7. g4 Bg6 8. h4 Nbd7 9. Nc4 Qc7 10. Qf3 Nd5 11. Bd3 Bxd3 12. Qxd3 e5 13. 0-0 0-0-0 14. Nxd5 cxd5 15. Nxe5 Nxe5 16. dxe5 Qxe5 17. Be3 Bd6 18. f4 Qf6 19. g5 Qe6 20. f5 Qe5 21. Qc3+ Qxc3 22. bxc3 Rhe8 23. Bxa7 Re4 24. Bf2 Be5 25. Rad1 Bxc3 26. Rd3 d4 27. Rfd1 Rde8 28. Bxd4 Rg4+ 29. Kf2 Bxd4+ 30. Rxd4 Ree4 31. Rxe4 Rxe4 32. Kg3 Rc4 33. Rd2 Rc3+ 34. Kg4 Rc4+ 35. Kg3 Rc3+ 36. Kg2 Rc4 37. Rf2 Rxh4 38. Kg3 Rc4 39. Rh2 Rc3+ 40. Kf4 Rc4+ 41. Kf3 Rc5 42. Ke4 Rc4+ 43. Ke5 Rc5+ 44. Kd6 Rxf5 45. Rxh7 b5 46. Rxg7 b4 47. g6 fxg6 48. Rg8+ Kb7 49. Rxg6 Rf2 50. Rg4 Rxc2 51. Rxb4+ Ka6 52. Ra4+ Kb5 53. Ra8 Rc6+ 54. Kd5 Rc3 55. a3 Rd3+ 56. Ke4 Rd6 57. a4+ Kb4 58. Ke5 Rc6 59. Kd5 Rc5+ 60. Kd4 Rc4+ 61. Kd5 Rc5+ 62. Kd4 Rc4+ 63. Kd3 Rc3+ 64. Ke4 Rc4+ 65. Ke5 Rc5+ 66. Kd6 Ra5 67. Rb8+ Kc4 68. Rc8+ Kd4 69. Rh8 Kc4 70. Rh4+ Kb3 71. Rh3+ Kxa4 1/2-1/2